000 00547nam a22001817a 4500
003 CEME
005 20210628203501.0
008 210119b xxu||||| |||| 00| 0 eng d
020 _a81-224-1993-3
040 _cceme
082 _a620.0042 DUK
100 _aDukkipati, Rao.V
_958012
245 _aSolving engineering system dynamics problems with matlab
260 _aNEW DELHI
_bNEW AGE
_c2007
300 _aXIV,343P
650 _aENGINEERING SYSTEM DYNAMICS.SOLVING ENGINEERING SYSTEM DYNAMICS PROBLEMS WITH MATLAB
_965740
942 _cBK
_2ddc
999 _c573865
_d573865